00290nam a22001097a 4500008004100000020001800041100001800059245006300077250000900140260002300149300000800172240805b |||||||| |||| 00| 0 eng d a9788119868896 aC. K. Takwani aCivil Procedure Limitation And Commercial Courts 10th Edn. a10th aLucknowbEBCc2024 a848